LEADER 01220nam--2200373---450- 001 990002464630203316 005 20090604160025.0 010 $a88-89373-03-2 035 $a000246463 035 $aUSA01000246463 035 $a(ALEPH)000246463USA01 035 $a000246463 100 $a20050902d2004----km-y0itay0103----ba 101 $afre 102 $aIT 105 $a||||||||001yy 200 1 $aCours de français juridique$e(1er niveau)$fGabriella Fabbricino Trivellini$gla voix est de Suzanne Andrieu 210 $aNapoli$cEditoriale scientifica$dcopyr. 2004 215 $aX, 126 p.$cill.$d24 cm$e1 CD-rom 225 2 $aStrumenti di didattica$v2 410 0$12001$aStrumenti di didattica$v2 606 0 $aLingua francese$xTerminologia giuridica 676 $a448.002434 700 1$aFABBRICINO TRIVELLINI,$bGabriella$0124203 702 1$aANDRIEU,$bSuzanne 801 0$aIT$bsalbc$gISBD 912 $a990002464630203316 951 $aIV.2. 2067 (IG XXI 928)$b46743 G.$cIV.2. 2067 (IG XXI)$d00128282 959 $aBK 969 $aGIU 979 $aMARIASEN$b90$c20050902$lUSA01$h1116 979 $aRSIAV1$b90$c20090604$lUSA01$h1600 996 $aCours de francais juridique$9734609 997 $aUNISA LEADER 03884nam 22006975 450 001 9910298556903321 005 20200919221051.0 010 $a3-319-09213-8 024 7 $a10.1007/978-3-319-09213-3 035 $a(CKB)3710000000291632 035 $a(EBL)1965421 035 $a(OCoLC)899249144 035 $a(SSID)ssj0001385949 035 $a(PQKBManifestationID)11883466 035 $a(PQKBTitleCode)TC0001385949 035 $a(PQKBWorkID)11349434 035 $a(PQKB)10271660 035 $a(MiAaPQ)EBC1965421 035 $a(DE-He213)978-3-319-09213-3 035 $a(PPN)183087674 035 $a(EXLCZ)993710000000291632 100 $a20141125d2014 u| 0 101 0 $aeng 135 $aur|n|---||||| 181 $ctxt 182 $cc 183 $acr 200 10$aSocial Market Economy $eThe Case of Germany /$fby Stefan Sorin Muresan 205 $a1st ed. 2014. 210 1$aCham :$cSpringer International Publishing :$cImprint: Springer,$d2014. 215 $a1 online resource (426 p.) 300 $aDescription based upon print version of record. 311 $a3-319-09212-X 320 $aIncludes bibliographical references. 327 $aForeword -- 1 Introduction -- 2 Philosophical and Historical Roots for the Social Market Economy -- 3 Models of Capitalism -- 4 Pillars of the Social Market Economy as Implemented in Germany -- 5 Building Up and Implementing a Social Market Economy in Germany -- 6 What is on the Horizon for the Social Market Economy?.- 7 Principles and Economic Style Molded Into Sustainability and Foreign Policy Interests -- 8 Appendices to Politicians, Legislation, and National Economic Statistics. 330 $aThe book presents the economic policy model known as ?Social Market Economy? in Germany, the country where it originated. Although the model has since been adopted as core objective in the EU Treaty of Lisbon, experts still disagree on its exact nature. The author contributes to this debate by presenting the German economic system from an external perspective and looking at the extent to which it enabled the country increase its weight in international relations.The system´s history, identity, political and economic concepts, including ordoliberalism, are analyzed. Its potential and shortcomings are assessed by comparing it to other forms of capitalism. A brief enquiry is made into whether the "Social Market Economy", or aspects of it, are applicable to other countries, including in Eastern Europe. Providing both theoretical and practical aspects, the book offers a valuable resource for researchers, public administration professionals, and policymakers. 606 $aFinance, Public 606 $aEconomics 606 $aEconomic history 606 $aPolitical science$xPhilosophy 606 $aPublic Economics$3https://scigraph.springernature.com/ontologies/product-market-codes/W34000 606 $aInternational Political Economy$3https://scigraph.springernature.com/ontologies/product-market-codes/912140 606 $aHistory of Economic Thought/Methodology$3https://scigraph.springernature.com/ontologies/product-market-codes/W28000 606 $aPolitical Philosophy$3https://scigraph.springernature.com/ontologies/product-market-codes/E37000 615 0$aFinance, Public. 615 0$aEconomics. 615 0$aEconomic history. 615 0$aPolitical science$xPhilosophy. 615 14$aPublic Economics. 615 24$aInternational Political Economy. 615 24$aHistory of Economic Thought/Methodology. 615 24$aPolitical Philosophy. 676 $a320.01 676 $a330 676 $a336 676 $a339.5 700 $aMuresan$b Stefan Sorin$4aut$4http://id.loc.gov/vocabulary/relators/aut$01059987 906 $aBOOK 912 $a9910298556903321 996 $aSocial Market Economy$92510052 997 $aUNINA